US Presidents Aged 80+ Quiz Stats

 Plays Quiz Updated Feb 3, 2019

Score 0/11 Timer 01:30
2 Plays Today
President % Correct
Ronald Reagan
92.8%
George H. W. Bush
85.6%
Jimmy Carter
83.2%
Gerald Ford
75.5%
Richard Nixon
72.4%
John Quincy Adams
62.8%
John Adams
62.8%
Harry S. Truman
56.3%
Thomas Jefferson
54.3%
Herbert Hoover
49%
James Madison
29.3%

You're not logged in!

Compare scores with friends on all Sporcle quizzes.
OR
Log In

Show Comments

Extras

Top Quizzes Today


Score Distribution

Your Account Isn't Verified!

In order to create a playlist on Sporcle, you need to verify the email address you used during registration. Go to your Sporcle Settings to finish the process.

Report this User

Report this user for behavior that violates our Community Guidelines.

Details: